Giáo trình nói trước công chúng = Public speaking

Kaydedildi:
Detaylı Bibliyografya
Yazar: Phương, Hoàng Yến
Materyal Türü: Kitap
Dil:Undetermined
Baskı/Yayın Bilgisi: Cần Thơ Nxb. Đại học Cần Thơ 2016
Konular:
Etiketler: Etiketle
Etiket eklenmemiş, İlk siz ekleyin!
Thư viện lưu trữ: Trung tâm Học liệu Trường Đại học Cần Thơ
LEADER 00658nam a2200205Ia 4500
001 CTU_212434
008 210402s9999 xx 000 0 und d
020 |c 45000 
082 |a 428.34 
082 |b Y603 
100 |a Phương, Hoàng Yến 
245 0 |a Giáo trình nói trước công chúng = 
245 0 |b Public speaking 
245 0 |c Phương Hoàng Yến, Thái Công Dân, Huỳnh Văn Hiến 
260 |a Cần Thơ 
260 |b Nxb. Đại học Cần Thơ 
260 |c 2016 
650 |a Public speaking,Diễn thuyết 
910 |a Tuyến 
980 |a Trung tâm Học liệu Trường Đại học Cần Thơ